Statistics for Pokémon GO: Highest CP Ice-type Pokémon

Click here to take the quiz!

General Stats

  • This quiz has been taken 30 times
    (19 since last reset)
  • The average score is 16 of 20

Answer Stats

Max CPAnswer% Correct
3651Mega Glalie
100%
3439Beartic
93%
2985Lapras
93%
3081Walrein
93%
3450Articuno
87%
3615Avalugg
87%
3909Avalugg (Hisuian)
87%
3163Cryogonal
87%
4041Kyurem
87%
3530Regice
87%
3190Vanilluxe
87%
3286Crabominable
80%
3850Mega Abomasnow
80%
3168Aurorus
73%
3511Darmanitan (Galarian)
73%
4792Baxcalibur
67%
3763Mamoswine
67%
3535Glaceon
60%
3397Weavile
47%
3196Mr. Rime
27%

Score Distribution

Percentile by Number Answered

Percent of People with Each Score

Your Score History

You have not taken this quiz since the last reset